[Event "BRA-ch sf"]
[Site "Vitoria"]
[Date "2003.09.06"]
[Round "4"]
[White "Alves, Rodrigo G"]
[Black "Barros, Eduardo F"]
[Result "1/2-1/2"]
[WhiteElo "1800"]
[BlackElo "1800"]
[PlyCount "51"]
[EventDate "2003.09.??"]
[EventType "swiss"]
[EventRounds "7"]
[EventCountry "BRA"]
[SourceTitle "EXT 2006"]
[Source "ChessBase"]
[SourceDate "2005.11.24"]
[SourceVersion "1"]
[SourceVersionDate "2005.11.24"]
[SourceQuality "1"]

1. e4 c5 2. Nf3 d6 3. d4 cxd4 4. Nxd4 Nf6 5. Nc3 Nc6 6. Bb5 Bd7 7. Qd3 Nxd4 8. Qxd4 Bxb5 9. Nxb5 a6 10. Nc3 e6 11. Bg5 Be7 12. Rd1 Rc8 13. 0-0 0-0 14. Rfe1 Ne8 15. Bxe7 Qxe7 16. e5 dxe5 17. Rxe5 Nf6 18. Qh4 Rfd8 19. Ree1 Qc7 20. Qg3 Qxg3 21. hxg3 Kf8 22. Kf1 Ke7 23. Rxd8 Rxd8 24. Re2 b5 25. Ke1 b4 26. Na4 1/2-1/2

[Event "BRA CEAX op 3rd"]
[Site "Vitoria"]
[Date "2003.08.16"]
[Round "3"]
[White "Lage, Sergio Correa Magal"]
[Black "Alves, Rodrigo G"]
[Result "1-0"]
[WhiteElo "1837"]
[BlackElo "1800"]
[PlyCount "59"]
[EventDate "2003.08.??"]
[EventType "swiss"]
[EventRounds "6"]
[EventCountry "BRA"]
[SourceTitle "EXT 2006"]
[Source "ChessBase"]
[SourceDate "2005.11.24"]
[SourceVersion "1"]
[SourceVersionDate "2005.11.24"]
[SourceQuality "1"]

1. d4 Nf6 2. c4 e6 3. Nc3 Bb4 4. Qc2 d5 5. a3 Bxc3+ 6. Qxc3 0-0 7. Bf4 Nc6 8. e3 Nh5 9. Bg3 Nxg3 10. hxg3 Re8 11. Bd3 g6 12. f4 b6 13. Nf3 Ne7 14. g4 f6 15. 0-0-0 dxc4 16. Bxc4 Nd5 17. Qe1 Re7 18. g5 f5 19. Ne5 a6 20. Nc6 Qd7 21. Nxe7+ Qxe7 22. Bxd5 exd5 23. Qc3 Bb7 24. Rh6 Rf8 25. Kb1 Rf7 26. g3 c5 27. dxc5 bxc5 28. Rd2 Qc7 29. Rdh2 Rd7 30. Rxg6+ 1-0

[Event "BRA CEAX op 1st "]
[Site "Brazil"]
[Date "2003.03.23"]
[Round "6"]
[White "Alves, Rodrigo G"]
[Black "Nunes, Jose BL"]
[Result "0-1"]
[WhiteElo "1800"]
[BlackElo "1815"]
[PlyCount "114"]
[EventDate "2003.03.21"]
[EventType "swiss"]
[EventRounds "6"]
[EventCountry "BRA"]
[SourceTitle "EXT 2006"]
[Source "ChessBase"]
[SourceDate "2005.11.24"]
[SourceVersion "1"]
[SourceVersionDate "2005.11.24"]
[SourceQuality "1"]

1. e4 d6 2. Nf3 g6 3. Nc3 Bg7 4. d4 c6 5. Bc4 Nf6 6. e5 dxe5 7. Nxe5 0-0 8. 0-0 Nbd7 9. Bf4 e6 10. Qd2 Nh5 11. Rad1 Nxf4 12. Qxf4 Nf6 13. Be2 Nd5 14. Nxd5 exd5 15. Rfe1 Be6 16. Bf3 Qc7 17. c3 Rad8 18. Nxg6 Qxf4 19. Nxf4 Bf5 20. Re7 Rb8 21. Nh5 Bh8 22. Rde1 Bg6 23. R1e3 a5 24. Be2 b5 25. f4 b4 26. h3 bxc3 27. bxc3 Rb2 28. a4 Rxe2 29. Rxe2 Bxh5 30. g4 Bg6 31. f5 c5 32. dxc5 Bxc3 33. fxg6 Bd4+ 34. Kg2 Bxc5 35. gxh7+ Kxh7 36. Re8 Rxe8 37. Rxe8 d4 38. Kf1 Kg6 39. Ke2 Bb4 40. Rd8 Bc3 41. Kf3 Kf6 42. Rd5 Ke6 43. Ke4 Kf6 44. h4 Ke6 45. h5 Kf6 46. g5+ Ke6 47. h6 f5+ 48. Rxf5 d3 49. Rf6+ Bxf6 50. gxf6 d2 51. h7 d1Q 52. h8Q Qxa4+ 53. Kf3 Qb3+ 54. Kg4 Qd1+ 55. Kf4 Qd4+ 56. Kg5 Qe5+ 57. Kg6 Qg3+ 0-1

[Event "BRA CEAX op 1st "]
[Site "Brazil"]
[Date "2003.03.23"]
[Round "5"]
[White "Santos, Toshiro"]
[Black "Alves, Rodrigo G"]
[Result "0-1"]
[WhiteElo "1800"]
[BlackElo "1800"]
[PlyCount "76"]
[EventDate "2003.03.21"]
[EventType "swiss"]
[EventRounds "6"]
[EventCountry "BRA"]
[SourceTitle "EXT 2006"]
[Source "ChessBase"]
[SourceDate "2005.11.24"]
[SourceVersion "1"]
[SourceVersionDate "2005.11.24"]
[SourceQuality "1"]

1. Nc3 e5 2. Nf3 Nc6 3. e4 Nf6 4. Bc4 h6 5. d3 Bb4 6. Be3 d6 7. a3 Bxc3+ 8. bxc3 Bg4 9. 0-0 0-0 10. Rb1 Na5 11. Rb4 Nxc4 12. Rxc4 d5 13. exd5 Bxf3 14. Qxf3 Nxd5 15. Bc5 Re8 16. Rb1 b6 17. Be3 Nxe3 18. Qxe3 Qe7 19. a4 a5 20. Qe4 Rad8 21. h3 Rd7 22. d4 exd4 23. Qxe7 Rexe7 24. cxd4 Re4 25. c3 f5 26. f3 Re2 27. Rc6 Ra2 28. c4 Rxa4 29. d5 Rb4 30. Re1 Kf8 31. Re5 Rb1+ 32. Kh2 f4 33. Rf5+ Ke8 34. Rxf4 a4 35. Re4+ Kd8 36. Re3 Rb3 37. Rxb3 axb3 38. Re6 Re7 0-1

[Event "BRA CEAX op 1st "]
[Site "Brazil"]
[Date "2003.03.22"]
[Round "2"]
[White "Alves, Rodrigo G"]
[Black "Freitas, N."]
[Result "1-0"]
[WhiteElo "1800"]
[BlackElo "1805"]
[PlyCount "22"]
[EventDate "2003.03.21"]
[EventType "swiss"]
[EventRounds "6"]
[EventCountry "BRA"]
[SourceTitle "EXT 2006"]
[Source "ChessBase"]
[SourceDate "2005.11.24"]
[SourceVersion "1"]
[SourceVersionDate "2005.11.24"]
[SourceQuality "1"]

1. d4 d5 2. Bf4 Nc6 3. Nf3 e6 4. e3 Nf6 5. Bb5 a6 6. Ba4 b5 7. Bb3 a5 8. c3 a4 9. Bc2 b4 10. Bxa4 bxc3 11. Nxc3 Bd7 1-0

[Event "BRA CEAX op 1st "]
[Site "Brazil"]
[Date "2003.03.22"]
[Round "3"]
[White "Lage, Sergio Correa Magal"]
[Black "Alves, Rodrigo G"]
[Result "1-0"]
[WhiteElo "1852"]
[BlackElo "1800"]
[PlyCount "89"]
[EventDate "2003.03.21"]
[EventType "swiss"]
[EventRounds "6"]
[EventCountry "BRA"]
[SourceTitle "EXT 2006"]
[Source "ChessBase"]
[SourceDate "2005.11.24"]
[SourceVersion "1"]
[SourceVersionDate "2005.11.24"]
[SourceQuality "1"]

1. e4 c6 2. d4 d5 3. e5 Bf5 4. Nc3 e6 5. g4 Bg6 6. Bd3 Bxd3 7. Qxd3 Bb4 8. Nf3 h6 9. Bd2 Ne7 10. Na4 Bxd2+ 11. Qxd2 b6 12. Qd3 Nd7 13. Nd2 c5 14. c4 cxd4 15. Qxd4 Rc8 16. cxd5 Nxd5 17. Ne4 0-0 18. 0-0 Rc7 19. Nd6 Qg5 20. Rae1 Rc6 21. f3 Rc2 22. Rf2 Rxf2 23. Qxf2 Nxe5 24. Qe2 f6 25. Ne4 Qf4 26. Kg2 f5 27. Nf2 Qxa4 28. Qxe5 Kh8 29. a3 fxg4 30. Nxg4 Nf4+ 31. Kg3 Nd3 32. Qd6 Qf4+ 33. Qxf4 Nxf4 34. Ne5 Kh7 35. Nc6 a5 36. Rd1 Nh5+ 37. Kf2 Rc8 38. Rd6 Nf4 39. Kg3 Ne2+ 40. Kg4 Rf8 41. Ne5 Rf4+ 42. Kh3 Nd4 43. Rxb6 Nxf3 44. Kg3 Re4 45. Nxf3 1-0